00985cam a22003494i 4500003000900000005001700009008004100026035001900067040003300086082002000119110002000139245003800159264003600197300002500233336002100258337002500279338002300304500013900327505003800466526001000504526001000514526001000524526001000534526000800544526000800552526000800560526000800568526000800576526000800584526000800592630003500600PE-LiUPU20250731173011.0150623s r 000 0 d a(Sirsi) a22767 aPE-LiUPUbspacPE-LiUPUerda04a220.48bU612212 aUnión Incaica10aInstituto bíblico Sudamericano. 1aLima :bUnión Incaica,c1979. apag. varia ;c27 cm. atext2rdacontent aunmediated2rdamedia avolume2rdacarrier aInstituto realizado en el CESU del 30 de julio al 6 de agosto de 1979, auspiciado por la División Sudamericana y la Unión Incaica.0 aInstituto bíblico Sudamericano. aSEG42 aSEG41 aSEG40 aSEG39 aP94 aP87 aP86 aP85 aP77 aP76 aP35 aBibliaxEstudio y enseñanza.